Văn hóa Đông Nam Á

में बचाया:
ग्रंथसूची विवरण
मुख्य लेखक: Nguyễn, Tấn Đắc
स्वरूप: पुस्तक
प्रकाशित: H. Khoa học xã hội 2003
विषय:
टैग : टैग जोड़ें
कोई टैग नहीं, इस रिकॉर्ड को टैग करने वाले पहले व्यक्ति बनें!
Thư viện lưu trữ: Trung tâm Học liệu Lê Vũ Hùng, Trường Đại học Đồng Tháp
LEADER 00860pam a22002418a 4500
001 00037570
008 170513s2003 ||||||Viesd
005 20171108151154.0
041 0 # |a Vie 
082 1 4 |a 306.409 59  |b V115H 
100 1 # |a Nguyễn, Tấn Đắc 
245 1 0 |a Văn hóa Đông Nam Á  |c Nguyễn Tấn Đắc 
260 # # |a H.  |b Khoa học xã hội  |c 2003 
300 # # |a 343 tr.  |c 24 cm 
500 # # |a ĐTTS ghi: Trung tâm khoa học xã hội và nhân văn quốc gia. Viện nghiên cứu Đông Nam Á 
653 # # |a Nông nghiệp 
653 # # |a Thương nghiệp 
653 # # |a Văn hóa 
653 # # |a Đông Nam Á 
852 # # |b Kho đọc  |j KD.0020129 
852 # # |j KD.0020129  |j KM.0023516 
910 |d 13/05/2017 
980 # # |a Trung tâm Học liệu Lê Vũ Hùng, Trường Đại học Đồng Tháp